Probabilistic reasoning in intelligent systems : networks of plausible inference (Record no. 6801)

000 -LEADER
fixed length control field 00750 a2200241 4500
020 ## - INTERNATIONAL STANDARD BOOK NUMBER
International Standard Book Number 1558604790
040 ## - CATALOGING SOURCE
Original cataloging agency DLC
Language of cataloging DLC
082 0# - DEWEY DECIMAL CLASSIFICATION NUMBER
Classification number 006.3
082 0# - DEWEY DECIMAL CLASSIFICATION NUMBER
Classification number 006.3
-- 519.2
082 0# - DEWEY DECIMAL CLASSIFICATION NUMBER
Classification number 006.3
082 0# - DEWEY DECIMAL CLASSIFICATION NUMBER
Classification number 519.2
100 1# - MAIN ENTRY--PERSONAL NAME
Personal name Pearl, Judea
245 00 - TITLE STATEMENT
Title Probabilistic reasoning in intelligent systems : networks of plausible inference
Remainder of title networks of plausible inference
Statement of responsibility, etc. Judea Pearl
260 ## - PUBLICATION, DISTRIBUTION, ETC.
Place of publication, distribution, etc. San Mateo, Calif. :
Name of publisher, distributor, etc. Morgan Kaufmann,
Date of publication, distribution, etc. cop. 1988
300 ## - PHYSICAL DESCRIPTION
Extent xix, 552 s. :
Other physical details ill.
440 #4 - SERIES STATEMENT/ADDED ENTRY--TITLE
Title The Morgan Kaufmann series in representation and reasoning,
650 #0 - SUBJECT ADDED ENTRY--TOPICAL TERM
Topical term or geographic name entry element Artificial intelligence
650 #0 - SUBJECT ADDED ENTRY--TOPICAL TERM
Topical term or geographic name entry element Reasoning
650 #0 - SUBJECT ADDED ENTRY--TOPICAL TERM
Topical term or geographic name entry element Probabilites
650 #0 - SUBJECT ADDED ENTRY--TOPICAL TERM
Topical term or geographic name entry element Artificial intelligence
650 #0 - SUBJECT ADDED ENTRY--TOPICAL TERM
Topical term or geographic name entry element Probabilities
942 ## - ADDED ENTRY ELEMENTS (KOHA)
Koha item type Book
Call number prefix 006.3 PEA
Source of classification or shelving scheme
Holdings
Withdrawn status Lost status Damaged status Not for loan Collection code Permanent Location Current Location Shelving location Date acquired Source of acquisition Cost, normal purchase price Total Checkouts Full call number Barcode Checked out Date last seen Date last checked out Price effective from Koha item type
          Central Library (CL) Central Library (CL) First Floor - Artificial Intelligence/Data Mining 10/16/2006 Progressive International Agencies 5161.33 1 006.3 PEA SEECS007622 10/12/2025 09/12/2025 09/12/2025 01/05/2017 Book
© 2023 Central Library, National University of Sciences and Technology. All Rights Reserved.